USA Avocado Trade - Statistics

General Stats
  • This quiz has been taken 11 times
  • The average score is 20 of 26
Answer Stats
Hint Answer % Correct
a Brazil
100%
a Canada
100%
a Colombia
100%
a Ecuador
100%
a France
100%
a Mexico
100%
a Peru
100%
a Spain
100%
a Chile
90%
a Costa Rica
90%
a Italy
90%
a New Zealand
90%
a United Kingdom
90%
a Belgium
80%
a Netherlands
80%
a Sweden
80%
a Dominican Republic
70%
a Japan
70%
a Honduras
60%
a South Africa
60%
a South Korea
60%
a Bahamas
50%
a Singapore
50%
a United Arab Emirates
40%
a Kuwait
30%
a Taiwan
30%
No matching quizzes found
Score Distribution
Percent of People with Each Score
Percentile by Number Answered
Your Score History
You have not taken this quiz